[Event "Wch Seniors 65 29th"]
[Site "Bucharest"]
[Date "2019.11.19"]
[Round "7"]
[White "Sevenyuk, Alexey"]
[Black "Miulescu, Gabriel"]
[Result "0-1"]
[WhiteElo "1868"]
[BlackElo "2004"]
[PlyCount "80"]
[EventDate "2019.11.12"]
[EventType "swiss"]
[EventRounds "11"]
[EventCountry "ROU"]
[SourceTitle "CBM 193 Extra"]
[Source "ChessBase"]
[SourceDate "2020.01.31"]
[SourceVersion "1"]
[SourceVersionDate "2020.01.31"]
[SourceQuality "1"]

1. e4 c5 2. Nf3 Nc6 3. d4 cxd4 4. Nxd4 e6 5. Nc3 Qc7 6. Be2 a6 7. a3 Nf6 8. 0-0 Be7 9. Be3 0-0 10. Nb3 b5 11. f4 d6 12. Bf3 Bb7 13. Qe2 Rac8 14. Rad1 Nd7 15. Rd2 Nb6 16. Bxb6 Qxb6+ 17. Qf2 Qc7 18. Rfd1 Rfd8 19. Kh1 Na5 20. Nxa5 Qxa5 21. Qe3 b4 22. Nb1 Qb5 23. axb4 Qxb4 24. c3 Qb3 25. Re1 Kf8 26. f5 h6 27. Qd3 Bg5 28. Rde2 e5 29. Qc2 Qb6 30. Rd1 Bc6 31. c4 Qb4 32. b3 a5 33. Qc3 Rb8 34. Qxb4 Rxb4 35. c5 dxc5 36. Ra2 Rxd1+ 37. Bxd1 Rxe4 38. Be2 Rb4 39. h3 Rxb3 40. Na3 Rxh3+ 0-1

[Event "Wch Seniors 65 29th"]
[Site "Bucharest"]
[Date "2019.11.12"]
[Round "1"]
[White "Sevenyuk, Alexey"]
[Black "Glodeanu, Ion"]
[Result "1/2-1/2"]
[WhiteElo "1868"]
[BlackElo "2149"]
[PlyCount "61"]
[EventDate "2019.11.12"]
[EventType "swiss"]
[EventRounds "11"]
[EventCountry "ROU"]
[SourceTitle "CBM 193 Extra"]
[Source "ChessBase"]
[SourceDate "2020.01.31"]
[SourceVersion "1"]
[SourceVersionDate "2020.01.31"]
[SourceQuality "1"]

1. e4 e5 2. Nf3 Nc6 3. Bc4 Bc5 4. d3 Nf6 5. 0-0 d6 6. h3 Bb6 7. c3 Ne7 8. Re1 Ng6 9. d4 0-0 10. Nbd2 c6 11. Bb3 Bc7 12. Nf1 h6 13. Ng3 Re8 14. dxe5 dxe5 15. Qxd8 Rxd8 16. Be3 Be6 17. Bxe6 fxe6 18. Rad1 a6 19. Bc5 Kf7 20. Be3 Nf4 21. Nh2 b5 22. f3 c5 23. Nh1 c4 24. Nf2 a5 25. g3 Ng6 26. Rxd8 Rxd8 27. Rd1 Rxd1+ 28. Nxd1 a4 29. Nf1 Ne7 30. Nd2 Nc6 31. Nb1 1/2-1/2

[Event "EU-ch Seniors 65 19th"]
[Site "Rhodes"]
[Date "2019.04.13"]
[Round "8"]
[White "Sevenyuk, Alexey"]
[Black "Zurel, Maxim"]
[Result "1-0"]
[WhiteElo "1862"]
[BlackElo "1556"]
[PlyCount "71"]
[EventDate "2019.04.06"]
[EventType "swiss"]
[EventRounds "9"]
[EventCountry "GRE"]
[SourceTitle "CBM 189 Extra"]
[Source "ChessBase"]
[SourceDate "2019.05.31"]
[SourceVersion "1"]
[SourceVersionDate "2019.05.31"]
[SourceQuality "1"]

1. e4 e5 2. Nf3 Nc6 3. Bc4 Be7 4. a4 Nf6 5. d3 0-0 6. 0-0 d5 7. exd5 Nxd5 8. Nc3 Nxc3 9. bxc3 Bf6 10. Nd2 Bf5 11. Qf3 Be6 12. Bxe6 fxe6 13. Qg4 Qe8 14. Ne4 Nd8 15. Ba3 Rf7 16. Rfe1 b6 17. Nxf6+ Rxf6 18. Rxe5 Qf7 19. Qe2 c5 20. Re1 Rc8 21. Bc1 h6 22. f3 Rc6 23. Qe4 Rf4 24. Bxf4 Qf6 25. Bd2 Rd6 26. Qg4 Kf7 27. f4 g6 28. Qh3 h5 29. f5 exf5 30. Re7+ Kg8 31. Re8+ Kh7 32. R1e7+ Nf7 33. Qe3 f4 34. Qxf4 Qxf4 35. Bxf4 Rd5 36. Rxf7# 1-0

[Event "EU-ch Seniors 65 19th"]
[Site "Rhodes"]
[Date "2019.04.10"]
[Round "5"]
[White "Sevenyuk, Alexey"]
[Black "Wilen, Eero"]
[Result "1-0"]
[WhiteElo "1862"]
[BlackElo "2028"]
[PlyCount "100"]
[EventDate "2019.04.06"]
[EventType "swiss"]
[EventRounds "9"]
[EventCountry "GRE"]
[SourceTitle "CBM 189 Extra"]
[Source "ChessBase"]
[SourceDate "2019.05.31"]
[SourceVersion "1"]
[SourceVersionDate "2019.05.31"]
[SourceQuality "1"]

1. e4 c5 2. Nf3 e6 3. d4 cxd4 4. Nxd4 Nc6 5. Nxc6 bxc6 6. c4 Nf6 7. Bd3 Be7 8. 0-0 d6 9. Nc3 0-0 10. Be3 d5 11. e5 Nd7 12. cxd5 cxd5 13. Qc2 h6 14. f4 Nc5 15. Be2 Ba6 16. Rad1 Qc7 17. Rf3 Rac8 18. Bxa6 Nxa6 19. Qe2 Nc5 20. Rh3 f5 21. Qh5 Kh7 22. Rg3 Rg8 23. Qg6+ Kh8 24. Rh3 Bf8 25. Nb5 Qd7 26. Nd4 Qe8 27. Qxe8 Rxe8 28. Rc1 Ne4 29. Rc6 Rb8 30. b3 Bc5 31. Nxe6 Bxe3+ 32. Rxe3 Rgc8 33. Rxc8+ Rxc8 34. Re1 Kg8 35. Nd4 g6 36. h4 h5 37. Rd1 a6 38. b4 Kf7 39. b5 axb5 40. Nxb5 Ke6 41. a4 Nc3 42. Nxc3 Rxc3 43. Ra1 d4 44. Kf1 d3 45. Ke1 Rc2 46. Ra3 Rxg2 47. a5 Rg1+ 48. Kd2 Rg2+ 49. Kc3 Rg3 50. Ra4 Kd5 1-0

[Event "Wch Seniors 65 28th"]
[Site "Bled"]
[Date "2018.11.25"]
[Round "7"]
[White "Hjertenes, Oystein"]
[Black "Sevenyuk, Alexey"]
[Result "1/2-1/2"]
[WhiteElo "2037"]
[BlackElo "1839"]
[PlyCount "63"]
[EventDate "2018.11.18"]
[EventType "swiss"]
[EventRounds "11"]
[EventCountry "SLO"]
[SourceTitle "CBM 187 Extra"]
[Source "ChessBase"]
[SourceDate "2018.11.04"]
[SourceVersion "1"]
[SourceVersionDate "2018.11.04"]
[SourceQuality "1"]

1. Nf3 e6 2. g3 f5 3. c4 Nf6 4. Bg2 c6 5. 0-0 d6 6. d4 Be7 7. b3 0-0 8. Bb2 Ne4 9. e3 Nd7 10. Nc3 Ndf6 11. Nxe4 Nxe4 12. Nd2 Nxd2 13. Qxd2 d5 14. a4 a5 15. Rac1 Bd7 16. Bc3 Bd6 17. Rb1 Qc7 18. Rfc1 g5 19. f4 g4 20. Qc2 Qd8 21. c5 Bc7 22. Bf1 h5 23. b4 axb4 24. Rxb4 Bc8 25. Rb2 h4 26. Be1 hxg3 27. Bxg3 Qe8 28. Rcb1 Rf7 29. Be2 Rh7 30. Bd1 Bd8 31. Qf2 Qh5 32. Rc1 1/2-1/2

[Event "EU-ch Seniors 65 Rapid"]
[Site "Porto"]
[Date "2014.03.20"]
[Round "8"]
[White "Santos, Julio Fernandes"]
[Black "Sevenyuk, Alexey"]
[Result "0-1"]
[WhiteElo "1981"]
[BlackElo "1918"]
[PlyCount "102"]
[EventDate "2014.03.19"]
[EventType "swiss (rapid)"]
[EventRounds "9"]
[EventCountry "POR"]
[SourceTitle "EXT 2015"]
[Source "ChessBase"]
[SourceDate "2014.11.20"]
[SourceVersion "1"]
[SourceVersionDate "2014.11.20"]
[SourceQuality "1"]

1. e4 c5 2. Nf3 d6 3. d4 cxd4 4. Nxd4 Nf6 5. Nc3 g6 6. Be2 Bg7 7. Be3 0-0 8. 0-0 Nc6 9. Kh1 h5 10. f3 Nxd4 11. Bxd4 Be6 12. Qd2 Qc8 13. Nd1 Bc4 14. c3 Bxe2 15. Qxe2 Qc6 16. Ne3 Rac8 17. h3 b6 18. Qa6 e5 19. Nd5 Nxd5 20. exd5 Qxd5 21. Be3 Rc7 22. Rfd1 Qc6 23. Rd2 d5 24. Rad1 Rd8 25. Bg5 Rdd7 26. a4 d4 27. cxd4 exd4 28. Bf4 Rc8 29. b4 Qc4 30. Qxc4 Rxc4 31. Rb1 d3 32. Be3 Bc3 33. Rdd1 Bxb4 34. Kg1 Bc5 35. Bxc5 bxc5 36. Rb3 d2 37. Kf2 Rxa4 38. Rb2 Rad4 39. Rb5 c4 40. Rc5 R7d5 41. Rc8+ Kg7 42. g3 a5 43. f4 a4 44. Ke2 a3 45. h4 a2 46. Ra8 c3 47. Rxa2 Rb4 48. Rc2 Rb3 49. Ra2 Rb2 50. Raa1 c2 51. Rxd2 c1Q 0-1

[Event "EU-ch Seniors 65 Rapid"]
[Site "Porto"]
[Date "2014.03.19"]
[Round "2"]
[White "Beznosikov, Vladimir"]
[Black "Sevenyuk, Alexey"]
[Result "1-0"]
[WhiteElo "2356"]
[BlackElo "1918"]
[PlyCount "51"]
[EventDate "2014.03.19"]
[EventType "swiss (rapid)"]
[EventRounds "9"]
[EventCountry "POR"]
[SourceTitle "EXT 2015"]
[Source "ChessBase"]
[SourceDate "2014.11.20"]
[SourceVersion "1"]
[SourceVersionDate "2014.11.20"]
[SourceQuality "1"]

1. e4 c5 2. Nf3 d6 3. Bb5+ Nc6 4. 0-0 Bg4 5. h3 Bxf3 6. Bxc6+ bxc6 7. Qxf3 e5 8. c3 Be7 9. d3 Bg5 10. Bxg5 Qxg5 11. Na3 Qf6 12. Qe3 Ne7 13. f4 exf4 14. Rxf4 Qh6 15. Nc4 0-0 16. Qf2 Rab8 17. Rf1 f6 18. Nxd6 Ng6 19. Rg4 Ne5 20. Nf5 Nxg4 21. Nxh6+ Nxh6 22. b3 Rbd8 23. Rd1 f5 24. Qxc5 fxe4 25. Qxc6 e3 26. Rf1 1-0

[Event "Wch Seniors 23rd"]
[Site "Opatija"]
[Date "2013.11.22"]
[Round "10"]
[White "Zilbershtein, Victor"]
[Black "Sevenyuk, Alexey"]
[Result "0-1"]
[WhiteElo "1780"]
[BlackElo "1886"]
[PlyCount "60"]
[EventDate "2013.11.12"]
[EventType "swiss"]
[EventRounds "11"]
[EventCountry "CRO"]
[SourceTitle "CBM 157 Extra"]
[Source "ChessBase"]
[SourceDate "2013.12.19"]
[SourceVersion "1"]
[SourceVersionDate "2013.12.19"]
[SourceQuality "1"]

1. d4 d5 2. e3 c6 3. Bd3 e6 4. Nf3 Nd7 5. 0-0 Bd6 6. b3 f5 7. Bb2 Ngf6 8. Nbd2 0-0 9. Ne5 Ne4 10. f3 Nxd2 11. Qxd2 Qf6 12. f4 Qe7 13. c4 Nf6 14. Kh1 Bd7 15. Qe2 Be8 16. a4 a5 17. cxd5 cxd5 18. Bc3 Bb4 19. Rac1 Bh5 20. Qe1 Rfc8 21. Bxb4 Qxb4 22. Qxb4 axb4 23. Rc5 Rxc5 24. dxc5 Ng4 25. Nxg4 Bxg4 26. Kg1 Bh5 27. Bb5 Be8 28. Re1 Kf7 29. c6 Bxc6 30. Bxc6 bxc6 0-1

[Event "Wch Seniors 23rd"]
[Site "Opatija"]
[Date "2013.11.16"]
[Round "5"]
[White "Sevenyuk, Alexey"]
[Black "Pfitzer, Norbert"]
[Result "0-1"]
[WhiteElo "1886"]
[BlackElo "2047"]
[PlyCount "126"]
[EventDate "2013.11.12"]
[EventType "swiss"]
[EventRounds "11"]
[EventCountry "CRO"]
[SourceTitle "CBM 157 Extra"]
[Source "ChessBase"]
[SourceDate "2013.12.19"]
[SourceVersion "1"]
[SourceVersionDate "2013.12.19"]
[SourceQuality "1"]

1. e4 d6 2. d4 Nf6 3. Nc3 g6 4. f3 c6 5. Bd3 b5 6. Be3 Qa5 7. Nge2 Nbd7 8. Nc1 Bb7 9. Qd2 Bg7 10. 0-0 0-0 11. Bh6 b4 12. Nd1 Qb6 13. Bxg7 Kxg7 14. c3 a5 15. Kh1 Rac8 16. Ne3 c5 17. d5 h5 18. h4 Ne5 19. Nc4 Nxc4 20. Bxc4 Rcd8 21. b3 e6 22. Ne2 e5 23. Ng3 Nh7 24. f4 Rde8 25. Ne2 Qd8 26. g3 Nf6 27. Bd3 Qd7 28. f5 Nh7 29. c4 Bc8 30. Ng1 Qe7 31. fxg6 fxg6 32. Rxf8 Rxf8 33. Rf1 Bg4 34. Be2 Rxf1 35. Bxf1 g5 36. Qf2 gxh4 37. gxh4 Qf8 38. Qxf8+ Nxf8 39. Kg2 Ng6 40. Kg3 Bd1 41. Bd3 Nf4 42. Bb1 Kf6 43. Kf2 Ke7 44. Ke1 Bg4 45. Kf2 Ng6 46. Kg3 Bd1 47. Nh3 a4 48. bxa4 Bxa4 49. Nf2 Kd7 50. Kh3 Nf4+ 51. Kh2 Ne2 52. Nd3 Nc3 53. Nb2 Nxb1 54. Nxa4 Nc3 55. Nb2 Nxe4 56. Nd3 Nc3 57. Nc1 Ke7 58. Kg3 Kf6 59. Kf3 Kf5 60. Ke3 Kg4 61. Nd3 Kf5 62. Nc1 e4 63. Kd2 Ke5 0-1

[Event "Wch Seniors 23rd"]
[Site "Opatija"]
[Date "2013.11.15"]
[Round "4"]
[White "Spika, Ivica"]
[Black "Sevenyuk, Alexey"]
[Result "1/2-1/2"]
[WhiteElo "2018"]
[BlackElo "1886"]
[PlyCount "114"]
[EventDate "2013.11.12"]
[EventType "swiss"]
[EventRounds "11"]
[EventCountry "CRO"]
[SourceTitle "CBM 157 Extra"]
[Source "ChessBase"]
[SourceDate "2013.12.19"]
[SourceVersion "1"]
[SourceVersionDate "2013.12.19"]
[SourceQuality "1"]

1. d4 d5 2. c4 c6 3. cxd5 cxd5 4. Nc3 Nc6 5. e3 e6 6. Bd3 Nf6 7. Nge2 a6 8. 0-0 Be7 9. Bd2 0-0 10. Rc1 e5 11. dxe5 Nxe5 12. Bb1 g6 13. Nd4 Nc6 14. Nxc6 bxc6 15. Ne2 Qd6 16. Ng3 Bb7 17. Bc3 c5 18. f3 h5 19. Re1 h4 20. Nf1 Nh5 21. Qd2 Rad8 22. Red1 Bf6 23. Bxf6 Qxf6 24. Rxc5 h3 25. Qd4 hxg2 26. Kxg2 Qe6 27. Ng3 Nf6 28. Ne2 Rfe8 29. Rc3 Ne4 30. Rb3 Ng5 31. Nf4 Qe7 32. Kf2 Ne4+ 33. Ke2 a5 34. Rg1 Qh4 35. Rg2 Ba6+ 36. Bd3 Bxd3+ 37. Rxd3 Nd6 38. Nxd5 Qxd4 39. Rxd4 Kg7 40. e4 f5 41. Nc3 Nxe4 42. Rxd8 Nxc3+ 43. Kd3 Rxd8+ 44. Kxc3 Kf6 45. f4 Re8 46. Kd3 Re4 47. Rf2 g5 48. fxg5+ Kxg5 49. b3 a4 50. bxa4 Rxa4 51. Kc3 f4 52. Kb3 Re4 53. a4 Re3+ 54. Kb4 f3 55. a5 Kf4 56. Rf1 Re2 57. h4 Rh2 1/2-1/2

[Event "Wch Seniors 23rd"]
[Site "Opatija"]
[Date "2013.11.13"]
[Round "2"]
[White "Finnlaugsson, Gunnar"]
[Black "Sevenyuk, Alexey"]
[Result "1-0"]
[WhiteElo "2082"]
[BlackElo "1886"]
[PlyCount "77"]
[EventDate "2013.11.12"]
[EventType "swiss"]
[EventRounds "11"]
[EventCountry "CRO"]
[SourceTitle "CBM 157 Extra"]
[Source "ChessBase"]
[SourceDate "2013.12.19"]
[SourceVersion "1"]
[SourceVersionDate "2013.12.19"]
[SourceQuality "1"]

1. Nf3 c6 2. e4 d5 3. Nc3 dxe4 4. Nxe4 Nf6 5. Nxf6+ exf6 6. d4 Bd6 7. Be2 0-0 8. Be3 a5 9. 0-0 Na6 10. c4 Bg4 11. h3 Bf5 12. a3 Qb8 13. Nh4 Be4 14. f3 Bg6 15. f4 Be4 16. Bd3 Re8 17. Bxe4 Rxe4 18. Qd3 Qe8 19. Rae1 Rd8 20. Bf2 Rxe1 21. Rxe1 Qd7 22. Nf5 g6 23. Nxd6 Qxd6 24. f5 Qd7 25. fxg6 fxg6 26. Qf3 f5 27. Re5 a4 28. Qe3 Qf7 29. Re7 Qf8 30. Bg3 Qf6 31. Qe5 Qxe5 32. Bxe5 c5 33. d5 Nb8 34. Rg7+ Kf8 35. Rxh7 b5 36. Rh8+ Ke7 37. Bf6+ Kxf6 38. Rxd8 Na6 39. Rd6+ 1-0

[Event "Wch Seniors 23rd"]
[Site "Opatija"]
[Date "2013.11.12"]
[Round "1"]
[White "Sevenyuk, Alexey"]
[Black "Malmdin, Nils Ake"]
[Result "0-1"]
[WhiteElo "1886"]
[BlackElo "2191"]
[PlyCount "106"]
[EventDate "2013.11.12"]
[EventType "swiss"]
[EventRounds "11"]
[EventCountry "CRO"]
[SourceTitle "CBM 157 Extra"]
[Source "ChessBase"]
[SourceDate "2013.12.19"]
[SourceVersion "1"]
[SourceVersionDate "2013.12.19"]
[SourceQuality "1"]

1. e4 d5 2. exd5 Qxd5 3. Nc3 Qa5 4. d4 Nf6 5. Nf3 Bg4 6. h3 Bh5 7. g4 Bg6 8. Ne5 c6 9. h4 Nbd7 10. Nxd7 Nxd7 11. h5 Be4 12. f3 Bd5 13. Bd2 e5 14. dxe5 Nxe5 15. Nxd5 Qxd5 16. Bg2 0-0-0 17. Bc3 Qc5 18. Qe2 f6 19. Bxe5 fxe5 20. Rd1 Be7 21. Rxd8+ Rxd8 22. Qe4 h6 23. Bf1 Qa5+ 24. c3 Qxa2 25. Qc2 Qa1+ 26. Kf2 Bc5+ 27. Kg2 Qe1 28. Bd3 Qe3 29. Rd1 Kc7 30. Qe2 Qf4 31. Bf5 Bd6 32. Qe4 Qg5 33. Qa4 Kb8 34. Qc4 Qe7 35. Qe6 Qxe6 36. Bxe6 a5 37. b3 Kc7 38. c4 Kb6 39. Kf2 Bc5+ 40. Ke2 Bd4 41. Kd3 Kc5 42. Ke4 Rf8 43. Bf5 Rf7 44. Rd3 Kb4 45. f4 Re7 46. fxe5 Bxe5 47. Rd7 Rxd7 48. Kxe5 Re7+ 49. Kd6 Re3 50. Kc7 Rxb3 51. Kxb7 Kxc4+ 52. Ka6 a4 53. Ka5 Rb4 0-1

[Event "Wch Seniors 22nd"]
[Site "Kamena Vourla"]
[Date "2012.11.24"]
[Round "11"]
[White "Ferreira, Alexander da Silva"]
[Black "Sevenyuk, Alexey"]
[Result "1/2-1/2"]
[WhiteElo "1708"]
[BlackElo "1921"]
[PlyCount "85"]
[EventDate "2012.11.13"]
[EventType "swiss"]
[EventRounds "11"]
[EventCountry "GRE"]
[SourceTitle "CBM 151 Extra"]
[Source "ChessBase"]
[SourceDate "2012.12.18"]
[SourceVersion "1"]
[SourceVersionDate "2012.12.18"]
[SourceQuality "1"]

1. e4 c5 2. Nf3 Nc6 3. d4 cxd4 4. Nxd4 Nf6 5. Nc3 e5 6. Ndb5 d6 7. Be2 a6 8. Na3 b5 9. Bg5 b4 10. Bxf6 gxf6 11. Qd5 Qc7 12. Nab5 axb5 13. Nxb5 Qd7 14. 0-0-0 Bb7 15. Nxd6+ Qxd6 16. Qxd6 Bxd6 17. Rxd6 Nd4 18. Bd3 Ke7 19. Rb6 Rhb8 20. Rxb4 Rxa2 21. Kd2 Raa8 22. c3 Ne6 23. f3 Bc6 24. Rxb8 Rxb8 25. Rb1 Nf4 26. Bf1 Rg8 27. g3 Ne6 28. b4 Ra8 29. Bc4 Rb8 30. Ra1 Ra8 31. Rxa8 Bxa8 32. Bxe6 fxe6 33. g4 f5 34. Ke3 f4+ 35. Kd3 Bc6 36. c4 Kd6 37. b5 Be8 38. h4 Kc5 39. Kc3 Bd7 40. Kb3 Be8 41. h5 Bd7 42. Kc3 Be8 43. Kb3 1/2-1/2

[Event "Wch Seniors 22nd"]
[Site "Kamena Vourla"]
[Date "2012.11.17"]
[Round "5"]
[White "Yuksel, Mustafa"]
[Black "Sevenyuk, Alexey"]
[Result "1-0"]
[WhiteElo "2052"]
[BlackElo "1921"]
[PlyCount "101"]
[EventDate "2012.11.13"]
[EventType "swiss"]
[EventRounds "11"]
[EventCountry "GRE"]
[SourceTitle "CBM 151 Extra"]
[Source "ChessBase"]
[SourceDate "2012.12.18"]
[SourceVersion "1"]
[SourceVersionDate "2012.12.18"]
[SourceQuality "1"]

1. d4 d5 2. Bf4 e6 3. Nf3 Bd6 4. e3 Nd7 5. Bd3 Bxf4 6. exf4 c5 7. c3 Ne7 8. Nbd2 a6 9. 0-0 Qc7 10. g3 b5 11. Re1 Nb6 12. dxc5 Qxc5 13. Nb3 Qd6 14. Nbd4 0-0 15. Bxh7+ Kh8 16. Bd3 g6 17. Ng5 Kg7 18. Qe2 Bd7 19. h4 Rh8 20. Kg2 Kf8 21. Rh1 Rh5 22. Rae1 Re8 23. Ngxe6+ Bxe6 24. Nxe6+ Qxe6 25. Qxe6 fxe6 26. Rxe6 Rb8 27. Rhe1 Rh7 28. Bxg6 Nxg6 29. Rxg6 Re7 30. Rg8+ Kxg8 31. Rxe7 Na4 32. Re2 Nc5 33. g4 b4 34. Rd2 bxc3 35. bxc3 Rd8 36. f3 a5 37. Rd4 a4 38. f5 a3 39. Kg3 Ra8 40. Rxd5 Na4 41. Rd3 Nb2 42. Rd7 Rc8 43. g5 Rxc3 44. g6 Rc8 45. Ra7 Nc4 46. Kf4 Rf8 47. Kg5 Nd6 48. f6 Nb5 49. Rg7+ Kh8 50. Rh7+ Kg8 51. f7+ 1-0

[Event "EU-ch Seniors 12th"]
[Site "Kaunas"]
[Date "2012.08.22"]
[Round "5"]
[White "Sevenyuk, Alexey"]
[Black "Valenti, Giuseppe"]
[Result "0-1"]
[WhiteElo "1925"]
[BlackElo "2180"]
[PlyCount "77"]
[EventDate "2012.08.18"]
[EventType "swiss"]
[EventRounds "9"]
[EventCountry "LTU"]
[SourceTitle "CBM 150 Extra"]
[Source "ChessBase"]
[SourceDate "2012.10.19"]
[SourceVersion "1"]
[SourceVersionDate "2012.10.19"]
[SourceQuality "1"]

1. e4 c5 2. Nc3 e6 3. g3 Nc6 4. Bg2 g6 5. d3 Bg7 6. Be3 Nd4 7. Nce2 Qb6 8. c3 Nxe2 9. Qxe2 d6 10. Nf3 Ne7 11. d4 cxd4 12. Bxd4 Bxd4 13. Nxd4 a6 14. 0-0 e5 15. Nf3 h6 16. Qd2 Be6 17. b3 Kf8 18. Rfd1 Nc8 19. c4 Kg7 20. Rac1 Qc7 21. Qc3 b6 22. b4 a5 23. a3 axb4 24. axb4 f6 25. Ne1 Rd8 26. Nd3 Na7 27. b5 Rac8 28. Nb2 Nxb5 29. Qb4 Nd4 30. Re1 b5 31. f4 Qc5 32. Qxc5 Rxc5 33. Bf1 bxc4 34. Na4 Ra5 35. Nc3 Rb8 36. Rb1 Rb3 37. Rec1 Raa3 38. Nd5 Bxd5 39. exd5 0-1

[Event "EU-ch Seniors 12th"]
[Site "Kaunas"]
[Date "2012.08.18"]
[Round "1"]
[White "Sevenyuk, Alexey"]
[Black "Postler, Reinhard"]
[Result "1-0"]
[WhiteElo "1925"]
[BlackElo "2268"]
[PlyCount "45"]
[EventDate "2012.08.18"]
[EventType "swiss"]
[EventRounds "9"]
[EventCountry "LTU"]
[SourceTitle "CBM 150 Extra"]
[Source "ChessBase"]
[SourceDate "2012.10.19"]
[SourceVersion "1"]
[SourceVersionDate "2012.10.19"]
[SourceQuality "1"]

1. e4 c5 2. Nc3 e6 3. g3 Nc6 4. Bg2 g6 5. d3 Bg7 6. Be3 d6 7. Nge2 Nd4 8. 0-0 Ne7 9. Qd2 0-0 10. Rab1 Nec6 11. Nd1 d5 12. f4 Nxe2+ 13. Qxe2 d4 14. Bd2 f5 15. e5 Nb4 16. a3 Nd5 17. c4 dxc3 18. bxc3 Qc7 19. Ne3 Nxe3 20. Bxe3 Rb8 21. d4 c4 22. d5 b6 23. d6 1-0

[Event "Basel Hilton op 14th"]
[Site "Basel"]
[Date "2012.01.03"]
[Round "4"]
[White "Arounopoulos, Stephan"]
[Black "Sevenyuk, Alexey"]
[Result "1-0"]
[WhiteElo "2116"]
[BlackElo "1916"]
[PlyCount "111"]
[EventDate "2012.01.01"]
[EventType "swiss"]
[EventRounds "7"]
[EventCountry "SUI"]
[SourceTitle "CBM 146 Extra"]
[Source "ChessBase"]
[SourceDate "2012.02.29"]
[SourceVersion "1"]
[SourceVersionDate "2012.02.29"]
[SourceQuality "1"]

1. d4 d5 2. Nf3 c6 3. c4 e6 4. Nc3 Bd6 5. Bg5 Ne7 6. e3 f6 7. Bh4 0-0 8. Bd3 dxc4 9. Bxc4 Ng6 10. Bg3 Kh8 11. Bxd6 Qxd6 12. 0-0 Nd7 13. Qc2 Re8 14. Rad1 Qe7 15. Bd3 Ngf8 16. e4 e5 17. d5 Nb6 18. dxc6 bxc6 19. Na4 Qb4 20. Nc5 Nbd7 21. Nb3 Bb7 22. a3 Qa4 23. Qc3 Ba6 24. Bxa6 Qxa6 25. Rd6 Re6 26. Rd2 Qb5 27. Rfd1 c5 28. Rc1 Rc8 29. Na5 Nb6 30. Nc4 Qxc4 31. Qxc4 Nxc4 32. Rxc4 Rec6 33. Kf1 Ne6 34. Rd7 R8c7 35. Rxc7 Rxc7 36. Ne1 Kg8 37. Nd3 Kf7 38. Ke2 Ke7 39. Kd2 Kd6 40. Kc3 Rb7 41. Ra4 Rc7 42. Ra6+ Kd7 43. Kc4 Ke7 44. f3 h5 45. Ra5 Kd6 46. Ra6+ Ke7 47. Ra5 Kd6 48. Rb5 h4 49. Rb8 g5 50. a4 Nf4 51. Rd8+ Ke7 52. Nxf4 exf4 53. Rd5 Ke6 54. Rxc5 Rxc5+ 55. Kxc5 g4 56. h3 1-0

[Event "Basel Hilton op 14th"]
[Site "Basel"]
[Date "2012.01.02"]
[Round "3"]
[White "Sevenyuk, Alexey"]
[Black "Xheladini, Mahmut"]
[Result "0-1"]
[WhiteElo "1916"]
[BlackElo "2278"]
[PlyCount "82"]
[EventDate "2012.01.01"]
[EventType "swiss"]
[EventRounds "7"]
[EventCountry "SUI"]
[SourceTitle "CBM 146 Extra"]
[Source "ChessBase"]
[SourceDate "2012.02.29"]
[SourceVersion "1"]
[SourceVersionDate "2012.02.29"]
[SourceQuality "1"]

1. e4 c6 2. d4 d6 3. Nf3 Nd7 4. Be2 Qc7 5. Nc3 e5 6. 0-0 Ngf6 7. b3 Be7 8. a4 h6 9. Ba3 Nf8 10. Qd2 g5 11. dxe5 dxe5 12. Bxe7 Qxe7 13. Rfd1 Ng6 14. Qd6 Bg4 15. Rd2 Qxd6 16. Rxd6 Ke7 17. Rd2 Bxf3 18. Bxf3 Nf4 19. g3 g4 20. Bg2 Ne6 21. Ne2 a5 22. Rad1 h5 23. f4 gxf3 24. Bxf3 Rag8 25. Kh1 h4 26. gxh4 Rxh4 27. Nc3 Rg3 28. Rf2 Rhh3 29. Rdf1 Nf4 30. Ne2 Rxf3 31. Rxf3 Rxf3 32. Rxf3 Nxe2 33. Re3 Nd4 34. c4 Ng4 35. Rg3 Nf2+ 36. Kg2 Nxe4 37. Rg8 Nxb3 38. h4 Nbc5 39. h5 Nf6 40. h6 Ncd7 41. c5 Nxc5 0-1